<?xml version="1.0" encoding="UTF-8"?>
<record
    xmlns:xsi="http://www.w3.org/2001/XMLSchema-instance"
    xsi:schemaLocation="http://www.loc.gov/MARC21/slim http://www.loc.gov/standards/marcxml/schema/MARC21slim.xsd"
    xmlns="http://www.loc.gov/MARC21/slim">

  <leader>01209nam0a2200277 i 4500</leader>
  <controlfield tag="001">RU\NLR\BIBL_A\011011291</controlfield>
  <controlfield tag="005">20260405091417.0</controlfield>
  <datafield tag="035" ind1=" " ind2=" ">
    <subfield code="a">(NLR Aleph) 011011291</subfield>
  </datafield>
  <datafield tag="090" ind1=" " ind2=" ">
    <subfield code="a">11025142</subfield>
    <subfield code="c">11025142</subfield>
  </datafield>
  <datafield tag="100" ind1=" " ind2=" ">
    <subfield code="a">20160317d2015    u  y0rusy50      ca</subfield>
  </datafield>
  <datafield tag="101" ind1="0" ind2=" ">
    <subfield code="a">rus</subfield>
  </datafield>
  <datafield tag="102" ind1=" " ind2=" ">
    <subfield code="a">RU</subfield>
  </datafield>
  <datafield tag="105" ind1=" " ind2=" ">
    <subfield code="a">abchz   000yy</subfield>
  </datafield>
  <datafield tag="200" ind1="1" ind2=" ">
    <subfield code="a">&#x418;&#x437; &#x438;&#x441;&#x442;&#x43E;&#x440;&#x438;&#x438; &#x43D;&#x435;&#x432;&#x441;&#x43A;&#x438;&#x445; &#x431;&#x435;&#x440;&#x435;&#x433;&#x43E;&#x432;</subfield>
    <subfield code="f">&#x421;.&#x411;. &#x421;&#x43E;&#x43A;&#x43E;&#x43B;&#x43E;&#x432;&#x430;</subfield>
  </datafield>
  <datafield tag="210" ind1=" " ind2=" ">
    <subfield code="a">&#x421;&#x430;&#x43D;&#x43A;&#x442;-&#x41F;&#x435;&#x442;&#x435;&#x440;&#x431;&#x443;&#x440;&#x433;</subfield>
    <subfield code="c">&#x412;&#x435;&#x440;&#x441;&#x442;&#x430;</subfield>
    <subfield code="d">2015</subfield>
  </datafield>
  <datafield tag="215" ind1=" " ind2=" ">
    <subfield code="a">154, [2] &#x441;.</subfield>
    <subfield code="c">&#x438;&#x43B;., &#x43F;&#x43E;&#x440;&#x442;&#x440;., &#x43A;., &#x444;&#x430;&#x43A;&#x441;.</subfield>
    <subfield code="d">29</subfield>
  </datafield>
  <datafield tag="606" ind1="1" ind2=" ">
    <subfield code="a">&#x426;&#x435;&#x440;&#x43A;&#x432;&#x438; &#x438; &#x441;&#x43E;&#x431;&#x43E;&#x440;&#x44B;</subfield>
    <subfield code="y">&#x41B;&#x435;&#x43D;&#x438;&#x43D;&#x433;&#x440;&#x430;&#x434;&#x441;&#x43A;&#x430;&#x44F; &#x43E;&#x431;&#x43B;&#x430;&#x441;&#x442;&#x44C;</subfield>
    <subfield code="9">2214093</subfield>
    <subfield code="3">RU\NLR\AUTH\661329915</subfield>
  </datafield>
  <datafield tag="607" ind1=" " ind2=" ">
    <subfield code="a">&#x41D;&#x435;&#x432;&#x441;&#x43A;&#x430;&#x44F; &#x414;&#x443;&#x431;&#x440;&#x43E;&#x432;&#x43A;&#x430;, &#x43F;&#x43E;&#x441;&#x435;&#x43B;&#x43E;&#x43A; &#x433;&#x43E;&#x440;&#x43E;&#x434;&#x441;&#x43A;&#x43E;&#x433;&#x43E; &#x442;&#x438;&#x43F;&#x430; (&#x41B;&#x435;&#x43D;&#x438;&#x43D;&#x433;&#x440;&#x430;&#x434;&#x441;&#x43A;&#x430;&#x44F; &#x43E;&#x431;&#x43B;&#x430;&#x441;&#x442;&#x44C;)</subfield>
    <subfield code="x">&#x418;&#x441;&#x442;&#x43E;&#x440;&#x438;&#x44F;</subfield>
    <subfield code="z">20 - &#x43D;&#x430;&#x447;. 21 &#x432;&#x432;.</subfield>
    <subfield code="9">2278755</subfield>
    <subfield code="3">RU\NLR\AUTH\6601593797</subfield>
  </datafield>
  <datafield tag="686" ind1="1" ind2=" ">
    <subfield code="a">&#x422;3(2&#x420;-4&#x41B;&#x435;)7,02</subfield>
  </datafield>
  <datafield tag="686" ind1="2" ind2=" ">
    <subfield code="a">&#x42D;372.24-655</subfield>
  </datafield>
  <datafield tag="700" ind1=" " ind2="1">
    <subfield code="8">rus</subfield>
    <subfield code="7">ca</subfield>
    <subfield code="a">&#x421;&#x43E;&#x43A;&#x43E;&#x43B;&#x43E;&#x432;&#x430;</subfield>
    <subfield code="b">&#x421;. &#x411;.</subfield>
    <subfield code="c">&#x438;&#x441;&#x442;&#x43E;&#x440;&#x438;&#x43A;, &#x43A;&#x440;&#x430;&#x435;&#x432;&#x435;&#x434;</subfield>
    <subfield code="f">1957-2019</subfield>
    <subfield code="g">&#x421;&#x432;&#x435;&#x442;&#x43B;&#x430;&#x43D;&#x430; &#x411;&#x43E;&#x440;&#x438;&#x441;&#x43E;&#x432;&#x43D;&#x430;</subfield>
    <subfield code="3">RU\NLR\AUTH\7732803</subfield>
    <subfield code="9">15811</subfield>
  </datafield>
  <datafield tag="942" ind1=" " ind2=" ">
    <subfield code="c">BOOK</subfield>
  </datafield>
  <datafield tag="980" ind1=" " ind2=" ">
    <subfield code="a">NBR</subfield>
  </datafield>
</record>
